000 00580nam a2200205Ia 4500
003 0100
008 130303s9999 xx 000 0 und d
040 _cARRUPELIB
050 _aBS1505.4.S68131996
100 _aSpeyr, Adrienne von
245 4 _aThe mission of the prophets = Sendung der Propheten. English
260 _aSan Francisco
260 _bIgnatius Press
260 _C1996
300 _a125 p.
300 _b 19 cm
650 _bGold mines and mining --Zimbabwe --history
700 _aAdrienne von Speyr , Title, Sendung der Propheten. English
942 0 0 _01
999 _c8464
_d8464